| 000 | 00499ntaaa2200181 4500 | ||
|---|---|---|---|
| 003 | 01 | ||
| 005 | 20251027201228.0 | ||
| 008 | 0714s1973 ag 01 | ||
| 040 |
_aAR-BaBN _bspa _cAR-BaBN _eaacr _dRIC |
||
| 082 | _a220.91 W69 | ||
| 100 |
_aWilson, Edward L. _910314 |
||
| 245 |
_aIn Scripture Lands; new views of sacred places. / _cEdward L. Wilson |
||
| 250 |
_a1 ed. : _bReligious Tract Society, _cc1891 |
||
| 300 | _axvi, 384 p. | ||
| 650 |
_aPalestina _95160 |
||
| 650 | _aGeografĂa | ||
| 942 | _cBK | ||
| 999 |
_c6612 _d6612 |
||